| 000 | 00713nam a22002297a 4500 | ||
|---|---|---|---|
| 005 | 20170124110115.0 | ||
| 010 | _aA-318886 | ||
| 020 |
_c00.00 _a8170940028 |
||
| 035 | _aA-318886 | ||
| 037 | _bCen Lib/Ret | ||
| 040 |
_aDPL _bEN |
||
| 082 |
_a915.432 _bNAR |
||
| 100 |
_aNarayan, R. K. _913634 |
||
| 245 |
_a The emerald rout : _cby R. K. Narayan ; illustrated by R. K. Laxman _bpassage through Karnataka / |
||
| 260 |
_aNew Delhi _bVision Books _c1987 |
||
| 270 |
_a36C, Connaught Place _bNew Delhi _e110001 |
||
| 300 |
_a136p. _c21cm(Hb) |
||
| 650 |
_aTravel _925007 |
||
| 650 |
_aIndic states-Emerald Rout _929915 |
||
| 700 |
_aLaxman, R.K. _929916 |
||
| 942 |
_2ddc _cEN _h915.432 _mNAR |
||
| 999 |
_c130713 _d130713 |
||